000 00252nam a22001217a 4500
008 181210b xxu||||| |||| 00| 0 eng d
041 _aeng
080 _a510
100 _a36
101 _aMAT
245 _aLinear Algebra
_cJacob.B
942 _2udc
_cBK
999 _c53107
_d53107